An Introduction to collective Bargaining and Industrial Relations. (Record no. 6236)
[ view plain ]
| 005 - DATE AND TIME OF LATEST TRANSACTION | |
|---|---|
| control field | 20250629094323.0 |
| 020 ## - INTERNATIONAL STANDARD BOOK NUMBER | |
| International Standard Book Number | 978-0-07-31715-5 |
| 082 ## - DEWEY DECIMAL CLASSIFICATION NUMBER | |
| Classification number | 331.89 KAT |
| 100 ## - MAIN ENTRY--PERSONAL NAME | |
| Author name | KATZ, H. C. |
| 245 ## - TITLE STATEMENT | |
| Title | An Introduction to collective Bargaining and Industrial Relations. |
| 250 ## - EDITION STATEMENT | |
| Edition statement | 4th Ed. |
| 260 ## - PUBLICATION, DISTRIBUTION, ETC. | |
| Place of publication, distribution, etc. | New York, |
| Name of publisher, distributor, etc. | Mc Graw-Hill Irwin, |
| Date of publication, distribution, etc. | 2008. |
| 300 ## - PHYSICAL DESCRIPTION | |
| Extent | xiii, 514p.: |
| Other physical details | Glossary & Index |
| Dimensions | 24cm |
| 700 ## - ADDED ENTRY--PERSONAL NAME | |
| Other authors/Editors | KOCHAN, T. A., COLVIN, A. J. S. |
| 942 ## - ADDED ENTRY ELEMENTS (KOHA) | |
| Source of classification or shelving scheme | Dewey Decimal Classification |
| Koha item type | Books |
| Date last seen | Total checkouts | Full call number | Barcode | Cost, replacement price | Price effective from | Koha item type | Lost status | Source of classification or shelving scheme | Damaged status | Not for loan | Withdrawn status | Home library | Current library | Shelving location | Date acquired | Cost, normal purchase price |
|---|---|---|---|---|---|---|---|---|---|---|---|---|---|---|---|---|
| 06/29/2025 | 331.89 KAT | DOM0003355 | 225000.00 | 06/29/2025 | Books | Dewey Decimal Classification | CBE Dodoma | CBE Dodoma | General Collection | 04/26/2010 | 75000.00 | |||||
| 06/29/2025 | 331.89 KAT | DOM0003356 | 225000.00 | 06/29/2025 | Books | Dewey Decimal Classification | CBE Dodoma | CBE Dodoma | General Collection | 04/26/2010 | 75000.00 | |||||
| 06/29/2025 | 331.89 KAT | DOM0003357 | 225000.00 | 06/29/2025 | Books | Dewey Decimal Classification | CBE Dodoma | CBE Dodoma | General Collection | 04/26/2010 | 75000.00 | |||||
| 06/29/2025 | 331.89 KAT | DOM0003358 | 225000.00 | 06/29/2025 | Books | Dewey Decimal Classification | CBE Dodoma | CBE Dodoma | General Collection | 04/26/2010 | 75000.00 | |||||
| 06/29/2025 | 331.89 KAT | DOM0003363 | 225000.00 | 06/29/2025 | Books | Dewey Decimal Classification | CBE Dodoma | CBE Dodoma | General Collection | 06/29/2017 | 75000.00 | |||||
| 06/29/2025 | 331.89 KAT | DOM0003364 | 225000.00 | 06/29/2025 | Books | Dewey Decimal Classification | CBE Dodoma | CBE Dodoma | General Collection | 06/29/2017 | 75000.00 | |||||
| 06/29/2025 | 331.89 KAT | DOM0003365 | 225000.00 | 06/29/2025 | Books | Dewey Decimal Classification | CBE Dodoma | CBE Dodoma | General Collection | 06/29/2017 | 75000.00 | |||||
| 06/29/2025 | 331.89 KAT | DOM0003366 | 225000.00 | 06/29/2025 | Books | Dewey Decimal Classification | CBE Dodoma | CBE Dodoma | General Collection | 06/29/2017 | 75000.00 | |||||
| 06/29/2025 | 331.89 KAT | DOM0003367 | 225000.00 | 06/29/2025 | Books | Dewey Decimal Classification | CBE Dodoma | CBE Dodoma | General Collection | 06/29/2017 | 75000.00 |
